| Поле | Инд. | ПП | Название | Значение |
|---|---|---|---|---|
| Тип записи | a | |||
| Библиографический уровень | b | |||
| 001 | Контрольный номер | ab2277727aec42b09c16c3ac3aef0f50 | ||
| 005 | Дата корректировки | 20200702104015.4 | ||
| 008 | Кодируемые данные | 20170331 | ||
| 040 | b | Код языка каталог. | rus | |
| e | Правила каталог. | PSBO | ||
| 041 | 0_ | a | Код языка текста | rus |
| 084 | a | Индекс другой классификации/Индекс ББК | 67.401.11(2Рос) | |
| 100 | 1_ | a | Автор | Орлов И. Г. |
| 245 | 10 | a | Заглавие | Сравнительно-правовой анализ реестра участников ограничивающих конкуренцию соглашений (картелей) и реестра недобросовестных поставщиков |
| 520 | 0_ | a | Аннотация | В статье приведены результаты исследования действующего законодательства, регулирующего порядок ведения реестра недобросовестных поставщиков, в контексте разработанного законопроекта о введении реестра участников ограничивающих конкуренцию соглашений (картелей). Вопрос законности и целесообразности подобного реестра рассмотрен с практической и теоретической точек зрения. Обращено внимание на негативные последствия для хозяйствующих субъектов — нарушителей, информация о которых вносится в указанные реестры. В завершение отмечается, что введение реестра участников ограничивающих конкуренцию соглашений не потребует значительных материальных затрат и окажет положительный эффект на конкурентную среду |
| 650 | 14 | a | Основная рубрика | право; административное право |
| 653 | 0_ | a | Ключевые слова | административное регулирование |
| a | Ключевые слова | государственное управление | ||
| a | Ключевые слова | картель | ||
| a | Ключевые слова | конкуренция | ||
| a | Ключевые слова | недобросовестные поставщики | ||
| a | Ключевые слова | реестр недобросовестных поставщиков (РНП) | ||
| a | Ключевые слова | реестр участников ограничивающих конкуренцию соглашений | ||
| a | Ключевые слова | Россия | ||
| a | Ключевые слова | управление в сфере хозяйственной деятельности | ||
| a | Ключевые слова | хозяйствующие субъекты | ||
| 773 | 08 | t | Заглавие источника | Российская юстиция |
| d | Дата издания источника | 2020 | ||
| g | Прочая информация | № 4. - С. 53 - 56 | ||
| w | Контрольный № источника | d9163a71ea1647108cab3fccfb4b3d86 | ||
| 901 | t | Тип документа | b |